000
00309nam a2200133Ia 4500
008
230917s9999||||xx |||||||||||||| ||und||
040
_e
150241
_a
MAIN
041
_a
English
082
_a
297 T541I
100
_a
titus, Murray T
245
0
_a
Isladm in India and Pakistan
300
_a
327p p.
942
_c
BK
999
_c
215857
_d
215857